00618nam a2200169 i 4500001000300000245012900003260001900132040000800151041000800159080002000167942000700187008004100194999001700235856009800252952004900350952004900399bg 0aMetody fizykochemiczne oczyszczania wody i ścieków :bdruga międzynarodowa konferencja, Lublin, 7-9 czerwca 1979. T.2. aLublin,c1979. cBPK apol a628.1/.3(061.3) cKS s pl f |000 0 pol  c19014d19014 uhttp://koha.tu.koszalin.pl/cgi-bin/koha/opac-detail.pl?biblionumber=19014yKatalog online BPK 00104070aBPKbBPKcwo26699p01652185yKS 00104070aBPKbBPKcwo26702p01652192yKS